Subdivision capitals closest to Frauenfeld (CH) - Statistics

General Stats
  • This quiz has been taken 8 times
  • The average score is 16 of 20
Answer Stats
Distance (km) Answer % Correct
19 98 Basel
100%
10 64 Bregenz
100%
18 92 Chur
100%
13 72 Luzern
100%
1 25 Schaffhausen
100%
2 34 Zürich
100%
12 67 Aarau
75%
14 77 Altdorf
75%
5 46 Appenzell
75%
7 59 Glarus/Glaris
75%
4 39 Sankt Gallen
75%
17 88 Sarnen
75%
8 62 Schwyz
75%
20 109 Solothurn
75%
11 66 Vaduz
75%
6 52 Zug
75%
3 34 Herisau
50%
16 88 Liestal
50%
9 63 Schaan
50%
15 78 Stans
50%
No matching quizzes found
Score Distribution
Percent of People with Each Score
Percentile by Number Answered
Your Score History
You have not taken this quiz